|
|
|
|
| LEADER |
00000nab a2200000 a 4500 |
| 001 |
vtls010736768 |
| 003 |
SK-MaSNL |
| 005 |
20260304192835.0 |
| 008 |
250709s2012 xo |||||||||||||||||slo| |
| 035 |
|
|
|a (urnnbn)urn:nbn:sk:snk:ar-a05j0z
|
| 035 |
|
|
|a (uuid)171f011d-b522-4ebf-ae59-697b90dc491f
|
| 035 |
|
|
|a urn:nbn:sk:snk-ab3y3g
|
| 040 |
|
|
|a SNKBUCL
|b slo
|c SNKBUCL
|e AACR2
|
| 041 |
0 |
|
|a eng
|
| 044 |
|
|
|a xo
|c SK
|
| 100 |
1 |
|
|a Margina, Denisa
|4 aut
|9 1525967
|
| 245 |
1 |
0 |
|a Quercetin and epigallocatechin gallate effects on the cell membranes biophysical properties correlate with their antioxidant potential
|c Denisa Margina, Mihaela Ilie, Gina Manda, Ionela Neagoe, Magdalena Mocanu, Diana Ionescu, Daniela Gradinaru, Constanţa Ganea
|
| 700 |
1 |
|
|a Ilie, Mihaela
|4 aut
|9 1525968
|
| 700 |
1 |
|
|a Manda, Gina
|4 aut
|9 1525969
|
| 700 |
1 |
|
|a Neagoe, Ionela
|4 aut
|9 1525970
|
| 700 |
1 |
|
|a Mocanu, Magdalena
|4 aut
|9 1525971
|
| 700 |
1 |
|
|a Ionescu, Diana
|4 aut
|9 1525972
|
| 700 |
1 |
|
|a Gradinaru, Daniela
|4 aut
|9 1525973
|
| 700 |
1 |
|
|a Ganea, Constanţa
|4 aut
|9 1525974
|
| 773 |
0 |
|
|t General physiology and biophysics : an international journal
|g Roč. 31, č. 1 (2012), s. 47-55
|
| 850 |
|
|
|a Slovenská národná knižnica
|
| 852 |
|
|
|a Slovenská národná knižnica
|
| 958 |
|
|
|a article1
|
| 958 |
|
|
|a OND
|
| 958 |
|
|
|a EUIPO
|
| 999 |
|
|
|c 3064549
|d 3066479
|